00428nam a2200157Ia 45000010006000000050017000060080041000230410008000640820025000721000034000972450085001312600009002163000029002256500008002546540008002622513020260414151129.0260414t1988||||xx |||||||||||||| ||spa|| aESP a346.2bC78 T. 2 1988 aCornejo Chávez, HectoreAUT 0aDerecho familiar peruano :bsociedad paterno filial: amparo familiar del incapaz c1988 a 000 páginas :c23 cm. aDER aCDE